000 00560nam a2200169 4500
008 160711b xxu||||| |||| 00| 0 eng d
020 _a978-0-07-110743-3
082 _22007
_aDC 520
_bSch5p
100 _911140
_aSchneider, Stephen E.
245 _aPathways to astronomy/
_cStephen E. Schneider and Thomas T. Arny.
260 _aBoston:
_bMcGraw-Hill Higher Education,
_cc2007.
300 _axx, 699 pages:
_billustrations;
_c28 cm.
500 _aIncludes index.
650 0 _911141
_aAstronomy
700 _911142
_aArny, Thomas T.
_eAuthor
942 _2ddc
_cDC
999 _c3344
_d3344